مكتبة جامعة عجلون الوطنية

فهرس بحث المكتبة

Normal view MARC view
  • Qur,an as Literature Poerics Arabic poervy-History and criticism Islamic Literature

Entry Topical Term

Number of records used in: 1

001 - CONTROL NUMBER

  • control field: 6207

003 - CONTROL NUMBER IDENTIFIER

  • control field: JO-AjAnu

005 - DATE AND TIME OF LATEST TRANSACTION

  • control field: 20230606071315.0

008 - FIXED-LENGTH DATA ELEMENTS

  • fixed length control field: 230606|| aca||aabn | a|a d

040 ## - CATALOGING SOURCE

  • Original cataloging agency: JO-AjAnu
  • Transcribing agency: JO-AjAnu

150 ## - HEADING--TOPICAL TERM

  • Topical term or geographic name entry element: Qur,an as Literature Poerics Arabic poervy-History and criticism Islamic Literature

670 ## - SOURCE DATA FOUND

  • Source citation: Work cat.: (JO-AjAnu)3216: Durakovic, Esad/Translated Amila Karahasanovic, author 6206, The Poetics of Ancient and Classical Arabic Literature: Orientology